লোডিং...

Lawyers' ready reference . Civil

গ্রন্থ-পঞ্জীর বিবরন
প্রধান লেখক: Rao, Y. Rama
বিন্যাস: Printed Book
প্রকাশিত: Hyderabad S Gogia 2007
সংস্করন:ed. 3
বিষয়গুলি:
LEADER 00425nam a22001337a 4500
100 |a Rao, Y. Rama  |9 1510 
245 |a Lawyers' ready reference . Civil 
250 |a ed. 3  
260 |a Hyderabad  |b S Gogia  |c 2007 
300 |a 1656p. 
653 |a Civil law - Reference manual 
942 |c REF  |6 _ 
999 |c 185496  |d 185496 
952 |0 0  |1 0  |4 0  |6 34703_RAO07  |7 0  |9 239204  |a SLS  |b SLS  |d 2009-03-03  |o 347(03) RAO'07  |p SLS026168  |r 2009-03-03  |t 1  |w 2009-03-03  |y REF